| 000 | 00434nam a22001817a 4500 | ||
|---|---|---|---|
| 003 | OSt | ||
| 005 | 20260216155340.0 | ||
| 008 | 260216b |||||||| |||| 00| 0 eng d | ||
| 020 | _a9789357319256 | ||
| 082 |
_a954.56 _bROYC |
||
| 100 | _aRoy,Anuradha | ||
| 245 | _aCalled by the Hills-A Home in the Himalaya | ||
| 260 |
_aGurugram _bHachette _c2025 |
||
| 300 | _a171p | ||
| 546 | _aEnglish | ||
| 650 | _aHistory | ||
| 942 |
_2ddc _cBK |
||
| 999 |
_c3936 _d3936 |
||